00749nam a22002177a 4500001000400000003001000004005001700014008004100031020001800072040002500090080001400115245013600129260003800265300002000303504003600323650003700359650001900396650003500415700004700450700003400497314BR-CuiBMT20231024170308.0230929s2010 mgba 001 0 por d a9788577003389 aBR-CuiBMTcBR-CuiBMT 22007a35200aDireito municipal contemporâneo :bnovas tendências /cHorácio Augusto Mendes de Souza, Henrique Rocha Braga, coordenadores. aBelo Horizonte :bFórum,c2010. a365 p. ;c22 cm aInclui bibliografia e índice. aDireito administrativo municipal aDireito urbano aDireito tributário municipal aSousa, Horácio Augusto Mendes de4coord. aFraga, Henrique Rocha4coord.